00576nam a2200205 a 4500001001300000003000900013005001700022008004100039020001000080082002100090100002100111245006600132260004900198300000900247500003500256505001000291650002200301650002600323700002100349nice12345678IN_TiNIC20260116011423.0050524s1963 newa grp 000 0 eng  ac10000a909.0974927bHAL aHalpern, Manfred aPolitics of Social Change in the Middle East and North Africa aNew JersybPrinceston University Pressc1963 a431p aincludes index and biblioraphy2 aIndex aCivilization-Arab aMiddle East-Sociology1 aHalpern, Manfred